Library Logo

Pioneer International University Library Catalogue

Recalled by life / (Record no. 9195)

MARC details
000 -LEADER
fixed length control field 00876cam a2200277 a 4500
001 - CONTROL NUMBER
control field 2804951
003 - CONTROL NUMBER IDENTIFIER
control field OSt
005 - DATE AND TIME OF LATEST TRANSACTION
control field 20250901165801.0
008 - FIXED-LENGTH DATA ELEMENTS--GENERAL INFORMATION
fixed length control field 820325s1982 mau 000 0aeng
010 ## - LIBRARY OF CONGRESS CONTROL NUMBER
LC control number 82006077
020 ## - INTERNATIONAL STANDARD BOOK NUMBER
International Standard Book Number 0395325242 :
Terms of availability 12.95
040 ## - CATALOGING SOURCE
Original cataloging agency DLC
Transcribing agency DLC
Modifying agency OCoLC
-- DLC
050 00 - LIBRARY OF CONGRESS CALL NUMBER
Classification number RC 265 .6.S27 A37 1982
Item number A37 1982
082 00 - DEWEY DECIMAL CLASSIFICATION NUMBER
Classification number 362.1/96994/00924
-- B
Edition information 19
100 1# - MAIN ENTRY--PERSONAL NAME
Personal name Sattilaro, Anthony J.
245 00 - TITLE STATEMENT
Title Recalled by life /
Statement of responsibility, etc. Anthony J. Sattilaro with Tom Monte.
260 ## - PUBLICATION, DISTRIBUTION, ETC.
Place of publication, distribution, etc. Boston :
Name of publisher, distributor, etc. Houghton Mifflin,
Date of publication, distribution, etc. 1982.
300 ## - PHYSICAL DESCRIPTION
Extent x, 222 p. ;
Dimensions 22 cm.
600 10 - SUBJECT ADDED ENTRY--PERSONAL NAME
Personal name Sattilaro, Anthony J.
650 #0 - SUBJECT ADDED ENTRY--TOPICAL TERM
Topical term or geographic name entry element Cancer
General subdivision Patients
Geographic subdivision United States
General subdivision Biography.
650 #0 - SUBJECT ADDED ENTRY--TOPICAL TERM
Topical term or geographic name entry element Cancer
General subdivision Diet therapy.
650 #0 - SUBJECT ADDED ENTRY--TOPICAL TERM
Topical term or geographic name entry element Prostate
General subdivision Cancer
-- Patients
Geographic subdivision United States
General subdivision Biography.
700 1# - ADDED ENTRY--PERSONAL NAME
Personal name Monte, Tom.
906 ## - LOCAL DATA ELEMENT F, LDF (RLIN)
a 7
b cbc
c orignew
d 1
e ocip
f 19
g y-gencatlg
942 ## - ADDED ENTRY ELEMENTS (KOHA)
Source of classification or shelving scheme Library of Congress Classification
Koha item type Books
Holdings
Withdrawn status Lost status Source of classification or shelving scheme Damaged status Not for loan Home library Current library Shelving location Date acquired Total checkouts Full call number Barcode Date last seen Price effective from Koha item type
    Library of Congress Classification     Main Library Main Library   12/11/2024   RC 265 .6.S27 A37 1982 PIU0002527 12/11/2024 12/11/2024 Books